[Event "Internet Section 06B g/8'+2\""]
[Site "Dos Hermanas"]
[Date "2004.03.06"]
[Round "7"]
[White "Ruiz Mares, Jose"]
[Black "Egill, ISD"]
[Result "1/2-1/2"]
[WhiteElo "1618"]
[BlackElo "1373"]
[PlyCount "92"]
[EventDate "2004.03.06"]
[EventType "swiss (blitz)"]
[EventRounds "9"]
[EventCountry "ESP"]
[SourceTitle "CBM 099 Extra"]
[Source "ChessBase"]
[SourceDate "2004.05.04"]
[SourceVersion "1"]
[SourceVersionDate "2004.05.04"]
[SourceQuality "1"]

1. e4 e5 2. Nf3 Nc6 3. Bb5 d6 4. 0-0 a6 5. Ba4 b5 6. Bb3 Bb7 7. c3 h6 8. Re1 Nf6 9. d4 exd4 10. cxd4 Be7 11. Nc3 b4 12. Nd5 Nxd5 13. Bxd5 0-0 14. a3 bxa3 15. bxa3 Bf6 16. Be3 Rb8 17. Rb1 Qc8 18. Qa4 Ne7 19. Bxb7 Rxb7 20. e5 Rxb1 21. Rxb1 dxe5 22. dxe5 Bg5 23. Nxg5 hxg5 24. Bxg5 Qe6 25. Bxe7 Qxe7 26. f4 Ra8 27. Rd1 Qc5+ 28. Qd4 Qxa3 29. Qd7 Qe3+ 30. Kh1 Qxf4 31. Qxc7 Re8 32. Qa5 Rxe5 33. Qxa6 Qh4 34. Qc8+ Kh7 35. Qc2+ g6 36. Qc3 Rh5 37. h3 Qe4 38. Rf1 Rf5 39. Rxf5 Qxf5 40. Qf3 Qxf3 41. gxf3 f5 42. f4 Kh6 43. Kg2 g5 44. Kg3 gxf4+ 45. Kxf4 Kg6 46. h4 Kh5 1/2-1/2

[Event "Internet Section 06B g/8'+2\""]
[Site "Dos Hermanas"]
[Date "2004.03.06"]
[Round "3"]
[White "Ruiz Mares, Jose"]
[Black "Shuey, Michael"]
[Result "0-1"]
[WhiteElo "1615"]
[BlackElo "1314"]
[PlyCount "84"]
[EventDate "2004.03.06"]
[EventType "swiss (blitz)"]
[EventRounds "9"]
[EventCountry "ESP"]
[SourceTitle "CBM 099 Extra"]
[Source "ChessBase"]
[SourceDate "2004.05.04"]
[SourceVersion "1"]
[SourceVersionDate "2004.05.04"]
[SourceQuality "1"]

1. e4 c5 2. Nf3 d6 3. d4 cxd4 4. Nxd4 Nf6 5. Nc3 a6 6. Be2 e5 7. Nb3 Nc6 8. Be3 Be6 9. 0-0 Be7 10. Qd2 b5 11. f3 Qc7 12. Rad1 0-0 13. a4 bxa4 14. Nxa4 a5 15. Bb6 Qb7 16. Ra1 Bd8 17. Be3 Bc7 18. Nc3 Qb4 19. Ra4 Qb8 20. Nd5 Bxd5 21. exd5 Nb4 22. Bc4 Bb6 23. Re1 Qc7 24. Bd3 Bxe3+ 25. Rxe3 Nfxd5 26. Re1 Qc6 27. Be4 Qxa4 28. Bxd5 Nxd5 29. Qxd5 Rfd8 30. Re4 Qa2 31. Re2 Qxb2 32. f4 a4 33. Na5 a3 34. Nc6 Rf8 35. fxe5 a2 36. Re1 a1Q 37. Rxa1 Qxa1+ 38. Kf2 dxe5 39. Nxe5 Rae8 40. Nd7 Rd8 41. Qf5 Qa7+ 42. Nc5 Rc8 0-1